| 000 | 00770nam a2200217 a 4500 | ||
|---|---|---|---|
| 001 | 191129 | ||
| 003 | ES-MaACL | ||
| 005 | 20230906223935.0 | ||
| 008 | 220914s1991 sp 000 0 spa d | ||
| 020 | _a1564090019 | ||
| 040 | _aUR | ||
| 080 | 1 | _a058"1995" | |
| 245 | 0 | 0 |
_aLibro del año 1995 _b: resumen ilustrado de actualización, con los principales acontecimientos de 1994, para las obras en español de Encyclopaedia Britannica Publishers. |
| 260 |
_aBarcelona [etc.] : _bEncyclopaedia Britannica publisherc, _ccop. 1995. |
||
| 300 |
_a416 p. : _bil. col. ; _c30 cm. |
||
| 655 | 7 |
_2tgfbne _9226822 _aAnuarios |
|
| 710 | 0 |
_aEncyclopaedia Britannica. _93472 |
|
| 852 |
_aES-MaACL _jANU 058 lib "1995" |
||
| 942 | _2udc | ||
| 999 |
_c191129 _d191129 |
||